| 000 | 01085nam a2200229 a 4500 | ||
|---|---|---|---|
| 001 | 59883 | ||
| 003 | BD-RjUL | ||
| 005 | 20211209080758.0 | ||
| 008 | 161227s1969 ii ||||| |||| 00| 0 ben d | ||
| 035 | _a(BD-RjUL)60007 | ||
| 040 |
_aBD-RjUL _bben _cBD-RjUL _dBD-RjUL |
||
| 041 | _aben | ||
| 082 |
_223 _a294.3 _bBAO 1969 |
||
| 100 |
_aবাগ্চী, যোগেন্দ্রনাথ _9178101 |
||
| 245 | 1 | 0 |
_aঅদ্বৈতবেদান্তে অবিদ্যানুমান : _b[অদ্বৈতবাদে অবিদ্যা] / _cযোগেন্দ্রনাথ বাগ্চী, সম্পাদক শীতাংশুশেখর বাগ্চী |
| 260 |
_aকলিকাতা : _bসংস্কৃত পুস্তক ভান্ডার, _c১৯৬৯ |
||
| 300 |
_a[৮], ৪৩১ পৃ. ; _c২১ সেমি. |
||
| 650 |
_aবৌদ্ধধর্ম _9171326 |
||
| 650 |
_aBuddisim _9175744 |
||
| 700 |
_aবাগ্চী, শীতাংশুশেখর সম্পাদক _9178172 |
||
| 942 |
_2ddc _cBK |
||
| 999 |
_c59883 _d59883 |
||